000 01493nam a2200349 i 4500
001 000010834
003 DO-SdBNP
005 20240809115023.0
006 a||||gr|||| 00| 0
007 ta
008 091012e2003 ag abcd e 000 0 spa d
020 _a9974773571
040 _aDO-SdBNP
_bspa
_cBNPHU
_erda
082 4 _a036
_bE56t
_222
245 0 0 _aEnciclopedia temática ilustrada /
_cCoordinación, Luis Alberto Rubio, Sergio Martín Caruso, José Oscar Garay, Ulises Darío Parente.
246 1 4 _aEnciclopedia manual temática ilustrada.
264 1 _aBuenos Aires, Argentina :
_bCultural Librera Dominicana,
_bArquetipo Grupo Editorial,
_c2003
300 _a1088 páginas :
_bilustraciones, mapas, retratos y gráficas ;
_c23 cm.
336 _2rdacontent
_atexto
_btxt
337 _2rdamedia
_asin mediación
_bn
338 _2rdacarrier
_avolumen
_bnc
490 0 _aFamiclub Clasa
505 0 _a¿Como estudiar mejor? -- Biología-Ecología -- Cuerpo humano -- Salud e higiene -- Gramática -- Inglés básico -- Matemática -- Física-Química -- Tecnología -- Compatación -- Astronomía --
590 _aInventariado 2024 / MF
650 0 _aEnciclopedias y diccionarios
_92045
700 1 2 _aRubio, Luis Alberto,
_ecoordinador
_986187
700 1 2 _aCaruso, Sergio Martín,
_ecoordinador
_986188
700 1 2 _aGaray, José Oscar,
_ecoordinador
_986189
700 1 2 _aParente, Ulises Darío,
_ecoordinador
_986190
910 _aValidado.Control de calidad/MAA
942 _2ddc
_cLBS1
999 _c10583
_d10583